书目信息 |
| 题名: |
中日传播与公共外交
|
|
| 作者: | 赵新利 著 | |
| 分册: | ||
| 出版信息: | 北京 社会科学文献出版社 2012.03 |
|
| 页数: | 323页 | |
| 开本: | 23cm | |
| 丛书名: | 察哈尔公共外交丛书 | |
| 单 册: | ||
| 中图分类: | D829.313 | |
| 科图分类: | ||
| 主题词: | 中日关系--宣传工作--研究 , 中日关系 , 宣传工作 | |
| 电子资源: | ||
| ISBN: | 978-7-5097-3105-5 | |
| 000 | 01089oam2 2200289 450 | |
| 001 | 010700122062 | |
| 005 | 20120618153455.76 | |
| 010 | @a978-7-5097-3105-5@dCNY49.00 | |
| 100 | @a20120223d2012 em y0chiy50 ea | |
| 101 | 0 | @achi |
| 102 | @aCN@b110000 | |
| 105 | @aa z 000yy | |
| 106 | @ar | |
| 200 | 1 | @a中日传播与公共外交@9zhong ri chuan bo yu gong gong wai jiao@dChina-Japan communication and public diplomacy@f赵新利著@zeng |
| 210 | @a北京@c社会科学文献出版社@d2012.03 | |
| 215 | @a323页@c图@d23cm | |
| 225 | 2 | @a察哈尔公共外交丛书 |
| 330 | @a本书深入分析了中国对日传播和公共外交的理论与实践,是对相关理论研究的一次运用和深化。主要内容包括:绪论;中国对日本公共外交概观;新时期对日传播和公共外交的现状等。 | |
| 461 | 0 | @12001 @a察哈尔公共外交丛书@1701 0@a韩方明@4主编 |
| 510 | 1 | @aChina-Japan communication and public diplomacy@zeng |
| 606 | 0 | @a中日关系@x宣传工作@x研究 |
| 606 | 0 | @a中日关系 |
| 606 | 0 | @a宣传工作 |
| 690 | @aD829.313@v4 | |
| 701 | 0 | @a赵新利@9zhao xin li@f(1982-)@4著 |
| 801 | 0 | @aCN@bRENTIAN@c20120223 |
| 905 | @b538253-57@dD829.313@e125@f5 | |
| 中日传播与公共外交=China-Japan communication and public diplomacy/赵新利著.-北京:社会科学文献出版社,2012.03 |
| 323页:图;23cm.-(察哈尔公共外交丛书) |
| ISBN 978-7-5097-3105-5:CNY49.00 |
| 本书深入分析了中国对日传播和公共外交的理论与实践,是对相关理论研究的一次运用和深化。主要内容包括:绪论;中国对日本公共外交概观;新时期对日传播和公共外交的现状等。 |
| ● |
| 相关链接 |
|
|
|
|
正题名:中日传播与公共外交
索取号:D829.313/125
 
预约/预借
| 序号 | 登录号 | 条形码 | 馆藏地/架位号 | 状态 | 备注 |
| 1 | 538253 | 205382539 | 第一样本阅览室/ [索取号:D829.313/125] | 在馆 | |
| 2 | 538254 | 205382548 | 第一借阅区/ [索取号:D829.313/125] | 在馆 | |
| 3 | 538255 | 205382557 | 第一借阅区/ [索取号:D829.313/125] | 在馆 | |
| 4 | 538256 | 205382566 | 第一借阅区/ [索取号:D829.313/125] | 在馆 | |
| 5 | 538257 | 205382575 | 第一借阅区/ [索取号:D829.313/125] | 在馆 |